| 000 | 00000nam 2200000zi 4500 |
| 001 | 9.936427 |
| 003 | CaOODSP |
| 005 | 20240405152536 |
| 006 | m o d f |
| 007 | cr |n||||||||| |
| 008 | 240314t20012001onc obl f000 0 eng d |
| 020 | |z0660615657 |
| 040 | |aCaOODSP|beng|erda|cCaOODSP |
| 043 | |an-cn--- |
| 086 | 1 |aYX1-1/2000E-PDF|zYX1-1/2000 |
| 240 | 10|aConstitution Act, 1867 |
| 245 | 02|aA consolidation of the Constitution Acts, 1867 to 1982. |
| 246 | 30|aConstitution Acts, 1867 to 1982. |
| 264 | 1|a[Ottawa] : |bDepartment of Justice Canada, |c[2001] |
| 264 | 4|c©2001 |
| 300 | |a1 online resource (82 pages) |
| 336 | |atext|btxt|2rdacontent |
| 337 | |acomputer|bc|2rdamedia |
| 338 | |aonline resource|bcr|2rdacarrier |
| 500 | |aDigitized edition from print [by Department of Justice Canada]. |
| 500 | |aIssued also in French under title: Codification administrative des Lois constitutionnelles de 1867 à 1982. |
| 500 | |a"Consolidated as of January 1, 2001." |
| 504 | |aIncludes bibliographical references. |
| 650 | 0|aConstitutions|zCanada|vSources. |
| 710 | 1 |aCanada. |bDepartment of Justice, |eissuing body. |
| 775 | 08|tCodification administrative des Lois constitutionnelles de 1867 à 1982. |w(CaOODSP)9.936426 |
| 776 | 0#|tA consolidation of the Constitution Acts 1867 to 1982 / |w(CaOODSP)9.662341 |
| 856 | 40|qPDF|s1.88 MB|uhttps://publications.gc.ca/collections/collection_2024/jus/YX1-1-2000-eng.pdf |